Sonora : (Record no. 54721)

MARC details
000 -CABECERA
campo de control de longitud fija 00608nam a2200193 a 4500
005 - FECHA Y HORA DE LA ÚLTIMA TRANSACCIÓN
campo de control 20230531063723.0
008 - ELEMENTOS DE LONGITUD FIJA--INFORMACIÓN GENERAL
campo de control de longitud fija 991125 mx 000 0 spa u
020 ## - NÚMERO INTERNACIONAL NORMALIZADO PARA LIBROS
Número Internacional Estándar del Libro 9686173935
035 ## - NÚMERO DE CONTROL DEL SISTEMA
Número de control de sistema UPN01000054721
049 ## - COLECCIÓN
Colección CG
050 #4 - SIGNATURA TOPOGRÁFICA DE LA BIBLIOTECA DEL CONGRESO
Número de clasificación F1346
Número de documento/Ítem R3.8
100 1# - ASIENTO PRINCIPAL--NOMBRE PERSONAL
Nombre de persona Radding de Murrieta, Cynthia
245 10 - MENCIÓN DE TÍTULO
Título Sonora :
Resto del título una historia compartida /
Mención de responsabilidad, etc. Cynthia Radding de Murrieta, Juan José Gracida Romo.
260 ## - PUBLICACIÓN, DISTRIBUCIÓN, ETC.
Lugar de publicación, distribución, etc. México :
Nombre del editor, distribuidor, etc. Gobierno del Estado de Sonora :
-- Instituto Mora,
300 ## - DESCRIPCIÓN FÍSICA
Extensión x, 333 p.
651 #4 - ASIENTO SECUNDARIO DE MATERIA - NOMBRE GEOGRAFICO
Nombre geográfico Sonora
Subdivisión general Historia
9 (RLIN) 14970
700 1# - ASIENTO SECUNDARIO--NOMBRE DE PERSONAL
Nombre de persona Gracida Romo, Juan José,
Término indicativo de función/relación coaut.
905 ## - TIPO DE MATERIAL
Tipo de material Libro
Holdings
Estado de retiro Estado de pérdida Fuente del sistema de clasificación o colocación Estado dañado No para préstamo Código de colección Localización permanente Ubicación/localización actual Ubicación en estantería Total de préstamos Clasificación Código de barras Fecha visto por última vez Número de copia Tipo de ítem Koha
    Library of Congress Classification     Colección General Bib. Gregorio Torres Quintero Bib. Gregorio Torres Quintero Planta baja 2 F1346 R3.8 111953 31/12/2020 1 Libro